000 00939nam a2200373 a 4500
003 AR-BaBNM
005 20251128203526.0
008 082120s2002 ||||||||||||||000 | spa||
040 _cAR-BaBNM
100 1 _aWeber, Alfred
245 0 0 _aHistoria de la cultura
250 _a4ª ed.
260 _aMéxico, D.F.
_bFondo de Cultura Económica
_c1956
300 _a365 p.
650 4 _aHISTORIA ANTIGUA
650 4 _aPREHISTORIA
650 4 _aHISTORIA CULTURAL
650 4 _aHISTORIA Y ESTUDIOS CONEXOS
650 4 _aHISTORIA DEL ARTE
650 4 _aCULTURA
650 4 _aHISTORIA EUROPEA
650 4 _aCULTURAS EUROPEAS
650 4 _aEDAD MEDIA
650 4 _aRENACIMIENTO
650 4 _aCRISTIANISMO
650 4 _aREFORMA RELIGIOSA
650 4 _aISLAM
650 4 _aCAPITALISMO
651 4 _aOriente
653 _aILUSTRACION
700 1 _aRecaséns Siches, Luis
_etraductor
942 _cBK
998 _cMARTIN
999 _c3789
_d3789